Регионална библиотека "Любен Каравелов" - Русе

Die kleine Schwalbe | Das Weizenbrotchen | Lowe Ohneschwanz (Запис номер 140499)

MARC детайли
000 -Лидер
Контролно поле с фиксирана дължина 01886nam a2200421 c 4500
003 - Код на организацията, давaща контролен номер
Контролно поле BLK
005 - Дата и час на последна редакция
Контролно поле 20240710005453.0
008 - Елементи от данни с фиксирана дължина
fixed length control field 180409b bul|||||r ||||||| ||bul||
010 ## - Наследен системен номер
LC control number KNG00146566000
040 ## - Източник на каталожния запис
Идентификатор на билиотеката - собственик на записа BLK
041 ## - Код за език
Код за езика на текст/звукозапис или на отделно заглавие Немски
Код за езика КДБФ Немски
080 ## - УДК
Текстов определител УДК Българска литература
УДК код - определител по УДК 821.163.2
УДК определител -93-34
УДК - код + определител 821.163.2-93-34
100 1# - Редна дума - Автор
Автор Karalijcev, Angel Ivanov
Авторска отговорност първи автор
R(LIN) 378925
139 ## - Редно поле
Редна дума Karalijcev, Angel Ivanov
Авторски знак Kar - K 21
245 10 - Сведения за заглавието
Заглавие Die kleine Schwalbe
Редно поле (дума) Angel Ivanov Karalijcev; ubers. von Lotte Karl Markova; ill. Detschko Usunov; ill. Ljuben Zidarov; * Ангел Иванов Каралийчев; * Лоте Карл Маркова; * Дечко Христов Узунов; * Любен Христов Зидаров.
245 10 - Сведения за заглавието
Заглавие Das Weizenbrotchen
Подзаглавни данни
Редно поле (дума)
245 10 - Сведения за заглавието
Заглавие Lowe Ohneschwanz
Подзаглавни данни Приказки
Редно поле (дума)
257 ## - Страна на издаване
Страна на създаване/издаване България
260 ## - Област на издателските данни
-- София
Име на издателя, разпространителя и проч. Sofia-Press
Година на издаване 1969
300 ## - Физическа характеристика
Страници 40 с.
Илюстрации и др. с ил.
Размери/Мащаб 31 см
380 ## - Жанр
Жанр Детска худож. лит.
500 ## - Общи забележки
Забележка В кн. Angel Karalijtschev. - Ориг. загл. Майчина сълза. Житената питка. Лъв без опашка - 28 150 тир.
653 ## - Ключова дума – ненормативна
Ключова дума детска литература
653 ## - Ключова дума – ненормативна
Ключова дума литература за деца
700 1# - Други автори (авторска отговорност)
Лично име Markova, Lotte Karl
Автороска отговорност (Описва отношението между автора и произведението) ubers. von
9 (RLIN) 379383
700 1# - Други автори (авторска отговорност)
Лично име Usunov, Detschko
Автороска отговорност (Описва отношението между автора и произведението) ill.
9 (RLIN) 327104
700 1# - Други автори (авторска отговорност)
Лично име Zidarov, Ljuben
Автороска отговорност (Описва отношението между автора и произведението) ill.
9 (RLIN) 378966
700 1# - Други автори (авторска отговорност)
Лично име Каралийчев, Ангел Иванов
Дати, свързани с автора 1902-1972
Автороска отговорност (Описва отношението между автора и произведението) *
9 (RLIN) 76702
700 1# - Други автори (авторска отговорност)
Лично име Маркова, Лоте Карл
Автороска отговорност (Описва отношението между автора и произведението) *
9 (RLIN) 379208
700 1# - Други автори (авторска отговорност)
Лично име Узунов, Дечко Христов
Автороска отговорност (Описва отношението между автора и произведението) *
9 (RLIN) 376263
700 ## - Други автори (авторска отговорност)
Лично име Зидаров, Любен Христов
Автороска отговорност (Описва отношението между автора и произведението) *
9 (RLIN) 365107
852 ## - Местоположение
Форматна сигнатура Цб ІІ 18302
856 4# - Електронен адрес и достъп
Електронен формат pdf - файл
Път до файла /url/
856 4# - Електронен адрес и достъп
Електронен формат pdf - файл
Път до файла /url/
942 ## - АРТИКУЛИ
Вид на библиотечния материал Книги
Скрит в OPAC Не
944 ## - СЪЗДАВАНЕ И РЕДАКЦИЯ на ЗАПИСА
Създаване/Редакция Създаване
Дата на регистрацията/редакция 19.07.2013
Статус, дата на статуса CRON CRON
Служител, извършил регистрацията/редакцията
944 ## - СЪЗДАВАНЕ И РЕДАКЦИЯ на ЗАПИСА
Създаване/Редакция Редакция
Дата на регистрацията/редакция 19.07.2013
Статус, дата на статуса 19.07.2013 - от С1,Р / 19.07.2013
Служител, извършил регистрацията/редакцията
999 ## - СИСТЕМНИ КОНТРОЛНИ НОМЕРА
Koha biblionumber 140499
Koha biblioitemnumber 140499
Наличности
Код за отписване Код за изгубен артикул Източник на класификационната схема Код за повреда Коз за рестрикции Код за отдаване Артикулен № Име на библиотеката - собственик Име на библиотеката, в която се намира в момента Статус (Текущо местоположение) Дата на вписване в системата Местоположение - отдел Цена в лева Инвентарен номер Систематично азбучна сигнатура Баркод Номер на екземпляра Цена в евро Служебна бележка Служебен тип на артикула
  Не е изгубен Universal Decimal Classification Не е повреден само за читалня ползва се в читалня 230417 Регионална библиотека "Любен Каравелов" Русе Регионална библиотека "Любен Каравелов" Русе Хранилище 1969-01-01 Хранилище 0.80 63908 Цб ІІ 18302 12000063908 1 0.41 N: стар фонд Дата: 01.01.1969 Книги
Vip Innovations Ltd, Rousse, Bulgaria 2025